000 00346nam a2200145Ia 4500
008 260223s2025 xx 000 0 und d
020 _a9789351527862
041 _aeng
082 _a610.73/GAU
100 _aGauttam Vijay
245 _aGNM intership
260 _aB.S.B. Pune
_bJAYPEE,Pub
_c2025
300 _a501P
650 _aGNM intership
999 _c1216392
_d1216392